000 00428nam a2200181Ia 4500
001 2763
005 20260306144831.0
008 260306t2008||||xx |||||||||||||| ||spa||
041 _aESP
082 _a226.7
_bP24
100 _aPaoli, Arturo
_eAUT
245 0 _aLas bienaventuranzas:
_bun estilo de vida
260 _c2008
300 _a134 páginas :
_c20 cm.
650 _aGEN
654 _aCHU
942 _cLIB
_dJUS
_fJUS
_2ddc
_n
999 _c2763
_d2763